| 000 | 00000nam 2200000zi 4500 |
| 001 | 9.929152 |
| 003 | CaOODSP |
| 005 | 20240415125713 |
| 006 | m o d f |
| 007 | cr cn||||||||| |
| 008 | 231019t20242024onca o f000 0 eng d |
| 020 | |a9780660683744 |
| 040 | |aCaOODSP|beng|erda|cCaOODSP |
| 043 | |an-cn--- |
| 086 | 1 |aFs23-549/4-3-2023E-PDF |
| 245 | 00|aAtlantic salmon facing many threats. |
| 264 | 1|a[Ottawa] : |bFisheries and Oceans Canada = Pêches et océans Canada, |c[2024] |
| 264 | 4|c©2024 |
| 300 | |a1 online resource (1 pages) : |bcolour illustrations |
| 336 | |atext|btxt|2rdacontent |
| 337 | |acomputer|bc|2rdamedia |
| 338 | |aonline resource|bcr|2rdacarrier |
| 500 | |aIssued also in French under title: Le saumon atlantique est confronté à de nombreuses menaces. |
| 500 | |aCaption title. |
| 650 | 0|aAtlantic salmon|xConservation|zAtlantic Coast (Canada) |
| 650 | 0|aMarine ecology|zCanada. |
| 710 | 1 |aCanada. |bDepartment of Fisheries and Oceans, |eissuing body. |
| 775 | 08|tLe saumon atlantique est confronté à de nombreuses menaces.|w(CaOODSP)9.929154 |
| 856 | 40|qPDF|s6.14 MB|uhttps://publications.gc.ca/collections/collection_2024/mpo-dfo/Fs23-549-4-3-2023-eng.pdf |
| 856 | 4 |qHTML|sN/A|uhttps://www.dfo-mpo.gc.ca/about-notre-sujet/publications/infographics-infographies/soto-rceo/2022/10-atl-salmon-saumon-eng.html |